The story of a country town

Đã lưu trong:
Chi tiết về thư mục
Tác giả chính: Howe, Edgar Watson (Tác giả)
Định dạng: Sách
Ngôn ngữ:Tiếng Anh
Được phát hành: Nueva York New American Library 1964
Loạt:Signet Classic
Những chủ đề:
Các nhãn: Thêm thẻ
Không có thẻ, Là người đầu tiên thẻ bản ghi này!

MARC

LEADER 00000nam a2200000 a 4500
001 UCQ4427
003 CL-VaPUC
008 980904e19640000US |||||||||||||||||eng|d
082 0 4 |a 813  |b HOW  |2 21 
100 0 |a Howe, Edgar Watson  |e author  |9 418644 
245 1 4 |a The story of a country town 
300 |a 317 p 
942 |c BK 
945 |d 19980904 00:00:00  |a crobeson 
260 |a Nueva York  |b New American Library  |c 1964 
650 0 |a Novelas estadounidenses  |9 265217 
650 0 |a Literatura estadounidense  |9 317168 
583 |a last modification  |c 19980904 00:00:00  |k Rodrigo Vera 
490 0 |a Signet Classic 
999 |c 274803  |d 274801 
952 |0 0  |1 0  |4 0  |6 813_000000000000000_HOW_1964  |7 0  |8 A  |9 311114  |a BIBEDU  |b BIBEDU  |d 2019-11-20  |i 146504K  |o 813 HOW 1964  |p 146504K  |r 2019-11-20  |w 2019-11-20  |y BK  |k LIT